Statistiken für Länder, die an Mali grenzen

Klicken Sie hier um das Quiz zu spielen!

Allgemein

  • Dieses Quiz wurde 1.421 mal gespielt
  • Das Durchschnittsergebnis liegt bei 6 aus 7

Antwortstatistiken

Länge (km)Land% Korrekt
2'237Mauretanien
96%
821Niger
96%
1'376Algerien
94%
1'000Burkina Faso
88%
419Senegal
87%
858Guinea
81%
532Elfenbeinküste
80%

Verteilung der Resultate

Perzentil nach korrekt beantworteten Fragen

Anzahl Personen mit jedem Resultat

Ihre Resultats-Entwicklung

Sie haben dieses Quiz noch nicht gespielt